[Event "JAM-ch (Women)"]
[Site "Kingston"]
[Date "2018.02.16"]
[Round "11"]
[White "Williams, Margoe"]
[Black "Barrett, Ariel"]
[Result "1-0"]
[WhiteElo "1594"]
[BlackElo "1701"]
[PlyCount "45"]
[EventDate "2018.02.02"]
[EventType "tourn"]
[EventRounds "11"]
[EventCountry "JAM"]
[SourceTitle "CBM 183 Extra"]
[Source "ChessBase"]
[SourceDate "2018.04.19"]
[SourceVersion "1"]
[SourceVersionDate "2018.04.19"]
[SourceQuality "1"]

1. d4 d5 2. c4 c6 3. Nc3 Nf6 4. Nf3 dxc4 5. a4 Bf5 6. e3 e6 7. Bxc4 Bb4 8. 0-0 0-0 9. Qb3 Qe7 10. Ne5 a5 11. f3 h6 12. e4 Bh7 13. Nd3 Nbd7 14. Be3 Nb6 15. Na2 Nfd7 16. Naxb4 axb4 17. a5 Nxc4 18. Qxc4 f5 19. e5 Rfc8 20. Nxb4 c5 21. Nd3 cxd4 22. Qxd4 Bg6 23. b4 1-0

[Event "JAM-ch (Women) 35th"]
[Site "Kingston"]
[Date "2017.01.15"]
[Round "4"]
[White "Smith, Annesha"]
[Black "Barrett, Ariel"]
[Result "1/2-1/2"]
[WhiteElo "1739"]
[BlackElo "1721"]
[PlyCount "109"]
[EventDate "2017.01.07"]
[EventType "tourn"]
[EventRounds "9"]
[EventCountry "JAM"]
[SourceTitle "EXT 2020"]
[Source "ChessBase"]
[SourceDate "2019.10.17"]
[SourceVersion "1"]
[SourceVersionDate "2019.10.17"]
[SourceQuality "1"]

1. d4 d5 2. Nf3 c6 3. g3 Nf6 4. Bg2 Bf5 5. Nbd2 Nbd7 6. 0-0 Qc7 7. c4 e6 8. b3 Be7 9. Bb2 0-0 10. Re1 Rfd8 11. Nh4 Bg4 12. Qc2 Rac8 13. e4 dxe4 14. Nxe4 Nf8 15. Nf3 Ng6 16. Nxf6+ Bxf6 17. Ne5 Bf5 18. Qe2 Nxe5 19. dxe5 Be7 20. Qe3 a6 21. Bd4 c5 22. Bc3 Rd3 23. Qc1 b5 24. Bf1 Rd7 25. cxb5 axb5 26. Bxb5 Rdd8 27. a4 Qb7 28. Qe3 Bh3 29. Qe4 Qa7 30. a5 Bf5 31. Qe2 h6 32. a6 Rd5 33. Ba5 Rb8 34. Bc4 Rd4 35. Qa2 Bd3 36. Bc3 Bxc4 37. bxc4 Rdd8 38. Ba5 Rd3 39. Rab1 Ra8 40. Rb6 Bd8 41. Rc6 Rd4 42. Rb1 Qd7 43. Rxc5 Rxa6 44. Rbb5 Rd1+ 45. Kg2 Qd3 46. Rc8 Qf1+ 47. Kf3 Qh1+ 48. Ke3 Re1+ 49. Kd4 Qe4+ 50. Kc5 Qxe5+ 51. Kb4 Qd6+ 52. Rbc5 Rxa5 53. Qxa5 Rb1+ 54. Kc3 Rc1+ 55. Kb4 1/2-1/2

[Event "Olympiad Women-42"]
[Site "Baku"]
[Date "2016.09.09"]
[Round "7.2"]
[White "Thornton, Filipina"]
[Black "Barrett, Ariel"]
[Result "1/2-1/2"]
[WhiteElo "1737"]
[BlackElo "1763"]
[PlyCount "90"]
[EventDate "2016.09.02"]
[EventType "team-swiss"]
[EventRounds "11"]
[EventCountry "AZE"]
[SourceTitle "CBM 174 Extra"]
[Source "ChessBase"]
[SourceDate "2016.10.10"]
[SourceVersion "1"]
[SourceVersionDate "2016.10.10"]
[SourceQuality "1"]
[WhiteTeam "Malta (W)"]
[BlackTeam "Jamaica (W)"]
[WhiteTeamCountry "MLT"]
[BlackTeamCountry "JAM"]

1. d4 d5 2. c4 c6 3. Nc3 dxc4 4. a4 e5 5. dxe5 Qxd1+ 6. Nxd1 Na6 7. Nc3 Be6 8. Nf3 Nb4 9. Rb1 0-0-0 10. Bd2 h6 11. Rc1 g5 12. h3 Ne7 13. Ne4 Ng6 14. Nd6+ Bxd6 15. exd6 a5 16. Bxb4 axb4 17. e3 Rxd6 18. Bxc4 Bxc4 19. Rxc4 Rhd8 20. 0-0 b3 21. Rfc1 Rd1+ 22. Kh2 Rxc1 23. Rxc1 Rd3 24. Kg1 Kd7 25. Kf1 Kd6 26. Ke2 Rd5 27. Rc3 Ra5 28. Rxb3 Rxa4 29. Rxb7 Ra2 30. Kd3 Ne7 31. e4 f6 32. Nd2 Ng6 33. Nc4+ Ke6 34. g3 Ra1 35. Rb6 Kd7 36. Rb7+ Ke6 37. b4 Rh1 38. Rc7 Ne7 39. Na5 Kd6 40. Rb7 Rxh3 41. Nc4+ Ke6 42. Rb6 Kd7 43. e5 fxe5 44. Nxe5+ Kc7 45. Ra6 Rh1 1/2-1/2

[Event "Olympiad Women-42"]
[Site "Baku"]
[Date "2016.09.04"]
[Round "3.25"]
[White "Enkhtuul, Altanulzii"]
[Black "Barrett, Ariel"]
[Result "1-0"]
[WhiteElo "2288"]
[BlackElo "1763"]
[PlyCount "79"]
[EventDate "2016.09.02"]
[EventType "team-swiss"]
[EventRounds "11"]
[EventCountry "AZE"]
[SourceTitle "CBM 174 Extra"]
[Source "ChessBase"]
[SourceDate "2016.10.10"]
[SourceVersion "1"]
[SourceVersionDate "2016.10.10"]
[SourceQuality "1"]
[WhiteTeam "Mongolia (W)"]
[BlackTeam "Jamaica (W)"]
[WhiteTeamCountry "MGL"]
[BlackTeamCountry "JAM"]

1. Nf3 d5 2. d4 Nf6 3. g3 Bf5 4. Bg2 e6 5. Nbd2 h6 6. 0-0 c6 7. c4 Nbd7 8. a4 a5 9. c5 b6 10. Nb3 bxc5 11. dxc5 Nxc5 12. Nbd4 Bh7 13. Nxc6 Qb6 14. Ncd4 Be7 15. Nb5 0-0 16. Bf4 Rac8 17. Be5 Ncd7 18. Bd4 Bc5 19. Rc1 Bxd4 20. Qxd4 Qb8 21. b4 axb4 22. Qxb4 Rxc1 23. Rxc1 Rc8 24. Ra1 Rc4 25. Qe7 Bg6 26. Nh4 Bh5 27. Bf3 Qe5 28. Ra2 Bxf3 29. Nxf3 Rc1+ 30. Kg2 Qh5 31. Qa3 Rb1 32. Qd3 Rc1 33. Rc2 Rxc2 34. Qxc2 Qg4 35. Nd6 Qg6 36. Qc8+ Kh7 37. a5 Qb1 38. Nxf7 Qa1 39. Nh4 Ng8 40. Qc2+ 1-0

[Event "JAM-ch (Women)"]
[Site "Kingston"]
[Date "2015.07.26"]
[Round "9"]
[White "Gray, Krishna"]
[Black "Barrett, Ariel"]
[Result "1/2-1/2"]
[WhiteElo "1706"]
[BlackElo "1731"]
[PlyCount "106"]
[EventDate "2015.07.18"]
[EventType "tourn"]
[EventRounds "10"]
[EventCountry "JAM"]
[SourceTitle "EXT 2018"]
[Source "ChessBase"]
[SourceDate "2017.10.13"]
[SourceVersion "1"]
[SourceVersionDate "2017.10.13"]
[SourceQuality "1"]

1. Nf3 Nf6 2. d4 e6 3. g3 b6 4. Bg2 Bb7 5. Bg5 Be7 6. Nbd2 d6 7. 0-0 Nbd7 8. Re1 0-0 9. e4 c5 10. c3 Rc8 11. e5 dxe5 12. dxe5 Ng4 13. Bxe7 Qxe7 14. h3 Bxf3 15. Nxf3 Nh6 16. g4 Rfd8 17. Qe2 Nf8 18. Rad1 Ng6 19. Qe3 Qc7 20. Rd2 Kh8 21. Red1 Ng8 22. h4 Nh6 23. Qg5 Rxd2 24. Rxd2 Ng8 25. h5 h6 26. Qe3 N6e7 27. c4 Nc6 28. a3 Na5 29. Bf1 Nc6 30. Bd3 Qe7 31. Qe4 f5 32. gxf5 Nd4 33. Rd1 Nxf3+ 34. Qxf3 Qg5+ 35. Kf1 exf5 36. Qxf5 Qxf5 37. Bxf5 Rf8 38. Bd7 Ne7 39. e6 g6 40. hxg6 Nxg6 41. Re1 Ne7 42. Re4 h5 43. Kg2 Kg7 44. Kg3 Kg6 45. f3 Kg5 46. f4+ Kf5 47. Re5+ Kg6 48. Rg5+ Kh6 49. Kf3 h4 50. Kg4 Ng6 51. f5 Ne5+ 52. Kf4 Nd3+ 53. Kg4 Ne5+ 1/2-1/2

[Event "JAM-ch (Women)"]
[Site "Kingston"]
[Date "2015.07.18"]
[Round "2"]
[White "Smith, Annesha"]
[Black "Barrett, Ariel"]
[Result "1/2-1/2"]
[WhiteElo "1707"]
[BlackElo "1731"]
[PlyCount "129"]
[EventDate "2015.07.18"]
[EventType "tourn"]
[EventRounds "10"]
[EventCountry "JAM"]
[SourceTitle "EXT 2018"]
[Source "ChessBase"]
[SourceDate "2017.10.13"]
[SourceVersion "1"]
[SourceVersionDate "2017.10.13"]
[SourceQuality "1"]

1. d4 Nf6 2. c4 e6 3. Nc3 Bb4 4. e3 b6 5. Bd3 Bb7 6. f3 Bxc3+ 7. bxc3 0-0 8. Ne2 d6 9. 0-0 c5 10. e4 Nc6 11. Bg5 e5 12. d5 Na5 13. f4 Qe7 14. fxe5 Qxe5 15. Bxf6 gxf6 16. Rf5 Qe7 17. Ng3 Kh8 18. Rh5 Rg8 19. Rxh7+ Kxh7 20. Qh5+ Kg7 21. Nf5+ Kf8 22. Nxe7 Kxe7 23. Rf1 Rh8 24. Qf5 Rh6 25. Qf4 Rah8 26. h3 Ba6 27. Qc1 Bxc4 28. Bxc4 Nxc4 29. Re1 Rg6 30. Kf2 Rhg8 31. g4 Ne5 32. Qa3 Nd3+ 33. Ke2 Nxe1 34. Qxa7+ Kf8 35. Kxe1 Kg7 36. Qxb6 Rh8 37. Qxd6 Rxh3 38. e5 Re3+ 39. Kf2 Rxe5 40. Kf3 Rgg5 41. c4 Re1 42. Qxc5 Rf1+ 43. Kg3 f5 44. Qd4+ f6 45. Kg2 Re1 46. Kf2 Re4 47. Qa7+ Kg6 48. d6 fxg4 49. d7 Rf5+ 50. Kg1 Re1+ 51. Kg2 Re2+ 52. Kg3 Kg5 53. Qc5 Rxc5 54. d8Q Re3+ 55. Kf2 Rf3+ 56. Kg2 Rf4 57. Qg8+ Kf5 58. Qh7+ Kg5 59. Qg7+ Kf5 60. Qh7+ Ke6 61. Qg8+ Ke5 62. Qe8+ Kd4 63. Kg3 Re4 64. Qd8+ Kxc4 65. Qxf6 1/2-1/2

[Event "JAM-ch (Women)"]
[Site "Kingston"]
[Date "2014.04.12"]
[Round "2"]
[White "Barrett, Ariel"]
[Black "Gray, Krishna"]
[Result "1/2-1/2"]
[WhiteElo "1754"]
[BlackElo "1717"]
[PlyCount "68"]
[EventDate "2014.04.06"]
[EventType "tourn"]
[EventRounds "10"]
[EventCountry "JAM"]
[SourceTitle "CBM 160 Extra"]
[Source "ChessBase"]
[SourceDate "2014.07.01"]
[SourceVersion "1"]
[SourceVersionDate "2014.07.01"]
[SourceQuality "1"]

1. e4 d5 2. exd5 Qxd5 3. d4 Nf6 4. Nf3 a6 5. Be2 e6 6. 0-0 b5 7. c4 Qf5 8. Nh4 Qe4 9. Bf3 Qxh4 10. Bxa8 c6 11. cxb5 axb5 12. Qf3 Nd5 13. Rd1 Qd8 14. Bf4 Bd6 15. Bxd6 Qxd6 16. Qa3 Qxa3 17. Nxa3 Nb6 18. Bxc6+ Nxc6 19. Rac1 Bb7 20. Nxb5 Ke7 21. a3 Rd8 22. b4 Rd5 23. Rc5 Rd8 24. f3 Na4 25. Rg5 g6 26. f4 f6 27. Rg3 Rd5 28. Nc3 Nxc3 29. Rxc3 Kd8 30. Rcd3 Ba6 31. R3d2 Bb5 32. Kf2 Ba4 33. Re1 e5 34. fxe5 fxe5 1/2-1/2

[Event "Paramaribo zt 2.3.5 (Women)"]
[Site "Paramaribo"]
[Date "2014.02.02"]
[Round "3"]
[White "Chou, Elysia"]
[Black "Barrett, Ariel"]
[Result "0-1"]
[WhiteElo "1664"]
[BlackElo "1772"]
[PlyCount "64"]
[EventDate "2014.02.01"]
[EventType "swiss"]
[EventRounds "9"]
[EventCountry "SUR"]
[SourceTitle "CBM 159 Extra"]
[Source "ChessBase"]
[SourceDate "2014.04.24"]
[SourceVersion "1"]
[SourceVersionDate "2014.04.24"]
[SourceQuality "1"]

1. e4 e5 2. Nf3 Nc6 3. Nc3 Bc5 4. Nxe5 Bxf2+ 5. Kxf2 Nxe5 6. d4 Qf6+ 7. Ke1 Nc6 8. Be3 d6 9. Bc4 Qg6 10. Qf3 Nf6 11. h3 a6 12. a4 Bd7 13. Rf1 0-0-0 14. Rb1 Rde8 15. Bd3 Nb4 16. Kd2 Nxd3 17. cxd3 Rhf8 18. b4 Nh5 19. g4 Nf6 20. a5 h5 21. g5 Nh7 22. h4 f5 23. gxf6 Nxf6 24. Qd1 Ng4 25. Bg5 Qe6 26. b5 axb5 27. Nxb5 Bxb5 28. Rxb5 Qa2+ 29. Kc3 Qa3+ 30. Kc4 Rxf1 31. Qxf1 Qa4+ 32. Rb4 Qc2+ 0-1

[Event "Paramaribo zt 2.3.5 (Women)"]
[Site "Paramaribo"]
[Date "2014.02.01"]
[Round "2"]
[White "Barrett, Ariel"]
[Black "Heredia Serrano, Carla Sofia"]
[Result "0-1"]
[WhiteElo "1772"]
[BlackElo "2169"]
[PlyCount "52"]
[EventDate "2014.02.01"]
[EventType "swiss"]
[EventRounds "9"]
[EventCountry "SUR"]
[SourceTitle "CBM 159 Extra"]
[Source "ChessBase"]
[SourceDate "2014.04.24"]
[SourceVersion "1"]
[SourceVersionDate "2014.04.24"]
[SourceQuality "1"]

1. e4 c6 2. d4 d5 3. exd5 cxd5 4. Bd3 Nc6 5. c3 Qc7 6. Be3 Nf6 7. h3 g6 8. Nd2 Bg7 9. Ngf3 Bf5 10. Bxf5 gxf5 11. g3 Qb6 12. Qc2 e6 13. Ne5 Ne4 14. 0-0-0 Nxe5 15. dxe5 Qa6 16. Nxe4 fxe4 17. Rd4 Bxe5 18. Ra4 Qc6 19. Qb3 0-0 20. Rxa7 d4 21. Rxa8 Rxa8 22. Bd2 e3 23. Rd1 exd2+ 24. Rxd2 dxc3 25. bxc3 Bxc3 26. Rc2 Qh1# 0-1

[Event "JAM-ch (Women)"]
[Site "Kingston"]
[Date "2013.08.10"]
[Round "3"]
[White "Barrett, Ariel"]
[Black "Williams, Margoe"]
[Result "0-1"]
[WhiteElo "1765"]
[BlackElo "1799"]
[PlyCount "50"]
[EventDate "2013.08.03"]
[EventType "tourn"]
[EventRounds "7"]
[EventCountry "JAM"]
[SourceTitle "EXT 2018"]
[Source "ChessBase"]
[SourceDate "2017.10.13"]
[SourceVersion "1"]
[SourceVersionDate "2017.10.13"]
[SourceQuality "1"]

1. e4 c5 2. Nf3 d6 3. d4 cxd4 4. Nxd4 Nf6 5. Nc3 Nc6 6. Be3 a6 7. f3 e6 8. Qd2 Be7 9. g4 Qa5 10. Nb3 Qc7 11. h4 b5 12. h5 Ne5 13. Bg2 Nc4 14. Qc1 b4 15. Nd1 Nxe3 16. Nxe3 Bb7 17. Qd2 d5 18. exd5 Qg3+ 19. Ke2 Nxd5 20. Rh3 Nf4+ 21. Kf1 Nxh3 22. Rd1 Rd8 23. Qe2 Rxd1+ 24. Nxd1 Nf4 25. Qd2 Bxf3 0-1

[Event "Olympiad Women-40"]
[Site "Istanbul"]
[Date "2012.09.01"]
[Round "5.4"]
[White "Barrett, Ariel"]
[Black "De San Vicente, Sabrina"]
[Result "1/2-1/2"]
[WhiteElo "1774"]
[BlackElo "1730"]
[PlyCount "63"]
[EventDate "2012.08.28"]
[EventType "team-swiss"]
[EventRounds "11"]
[EventCountry "TUR"]
[SourceTitle "CBM 150 Extra"]
[Source "ChessBase"]
[SourceDate "2012.10.19"]
[SourceVersion "1"]
[SourceVersionDate "2012.10.19"]
[SourceQuality "1"]
[WhiteTeam "Jamaica (W)"]
[BlackTeam "Uruguay (W)"]
[WhiteTeamCountry "JAM"]
[BlackTeamCountry "URU"]

1. e4 e5 2. Nf3 Nf6 3. Nxe5 d6 4. Nf3 Nxe4 5. c4 c6 6. Nc3 d5 7. cxd5 Nxc3 8. dxc3 cxd5 9. Bb5+ Nc6 10. 0-0 Bd6 11. Re1+ Be6 12. Nd4 Qd7 13. Qg4 0-0 14. Nxe6 g6 15. Bxc6 bxc6 16. Bh6 Rfe8 17. h4 Rxe6 18. Rxe6 Qxe6 19. Qxe6 fxe6 20. Re1 Kf7 21. g3 e5 22. Rd1 Ke6 23. Kf1 Bc5 24. Ke2 Rb8 25. Rd2 Rb7 26. b3 Rf7 27. Be3 Bxe3 28. Kxe3 Rb7 29. Kd3 Rd7 30. Ke3 Rf7 31. Rc2 Kd6 32. f3 1/2-1/2

[Event "JAM-ch (Women)"]
[Site "Kingston"]
[Date "2011.07.24"]
[Round "7"]
[White "Gray, Krishna"]
[Black "Barrett, Ariel"]
[Result "1-0"]
[WhiteElo "1634"]
[BlackElo "1870"]
[PlyCount "103"]
[EventDate "2011.07.15"]
[EventType "tourn"]
[EventRounds "10"]
[EventCountry "JAM"]
[SourceTitle "EXT 2013"]
[Source "ChessBase"]
[SourceDate "2012.11.22"]
[SourceVersion "1"]
[SourceVersionDate "2012.11.22"]
[SourceQuality "1"]

1. d4 d5 2. Nf3 Nf6 3. e3 c6 4. Bd3 Bg4 5. Nbd2 Nbd7 6. c3 e5 7. e4 exd4 8. cxd4 dxe4 9. Nxe4 Nxe4 10. Bxe4 Nf6 11. Qd3 Bb4+ 12. Bd2 Bxd2+ 13. Nxd2 Nxe4 14. Qxe4+ Be6 15. 0-0 0-0 16. Rfe1 Qd5 17. Qe5 Rad8 18. Nb3 Qxe5 19. dxe5 Bxb3 20. axb3 a6 21. Rad1 g5 22. Rd6 Rfe8 23. Kf1 Rxd6 24. exd6 Rxe1+ 25. Kxe1 Kf8 26. Ke2 Ke8 27. Kf3 f5 28. g4 f4 29. Ke4 Kd7 30. Kf5 Kxd6 31. Kxg5 Kc5 32. Kxf4 Kb4 33. Ke5 Kxb3 34. f4 a5 35. f5 a4 36. f6 Kxb2 37. f7 a3 38. f8Q a2 39. Qb4+ Kc2 40. Qa3 Kb1 41. Qb3+ Ka1 42. Qxb7 c5 43. Kd5 c4 44. Kxc4 h5 45. Qa6 Kb1 46. Qxa2+ Kxa2 47. Kd4 hxg4 48. Ke4 Kb3 49. Kf4 Kc4 50. Kxg4 Kd5 51. Kg5 Ke6 52. Kg6 1-0

[Event "JAM-ch (Women)"]
[Site "Kingston"]
[Date "2011.07.16"]
[Round "2"]
[White "Barrett, Ariel"]
[Black "Gray, Krishna"]
[Result "0-1"]
[WhiteElo "1870"]
[BlackElo "1634"]
[PlyCount "69"]
[EventDate "2011.07.15"]
[EventType "tourn"]
[EventRounds "10"]
[EventCountry "JAM"]
[SourceTitle "EXT 2013"]
[Source "ChessBase"]
[SourceDate "2012.11.22"]
[SourceVersion "1"]
[SourceVersionDate "2012.11.22"]
[SourceQuality "1"]

1. e4 e6 2. d4 d5 3. e5 c5 4. c3 Nc6 5. Nf3 Qb6 6. Bd3 cxd4 7. cxd4 Bd7 8. Bc2 Nb4 9. a3 Nxc2+ 10. Qxc2 Bb5 11. Nc3 Rc8 12. Qb3 Ba6 13. Qxb6 axb6 14. Be3 b5 15. Rc1 b4 16. Na4 Rxc1+ 17. Bxc1 bxa3 18. bxa3 Bb5 19. Nc3 Ba6 20. Kd2 Ne7 21. Bb2 Nc6 22. Rc1 Na5 23. Kc2 Be7 24. a4 Nc4 25. Nb5 Kd7 26. Kb1 Kc6 27. Nc3 Rb8 28. Rc2 b5 29. axb5+ Bxb5 30. Nxb5 Kxb5 31. Nd2 Bb4 32. Nxc4 dxc4 33. Bc1 c3 34. Be3 Kc4 35. Ka2 0-1